[Event "POL-chT U20 1st League"]
[Site "Chotowa"]
[Date "2025.06.20"]
[Round "7.44"]
[White "Modzelewski, Filip"]
[Black "Seemann, Pola"]
[Result "1-0"]
[WhiteElo "1921"]
[BlackElo "1986"]
[PlyCount "71"]
[EventDate "2025.06.14"]
[EventType "team-swiss"]
[EventRounds "9"]
[EventCountry "POL"]
[SourceTitle "CB26_2025"]
[SourceDate "2025.06.25"]
[SourceVersion "1"]
[SourceVersionDate "2025.06.25"]
[SourceQuality "1"]
[WhiteTeam "Katowice Palac Mlodziezy"]
[BlackTeam "Rybnik MKSz"]
[WhiteTeamCountry "POL"]
[BlackTeamCountry "POL"]

1. e4 c5 2. Nf3 Nc6 3. b4 Nxb4 4. c3 Nc6 5. d4 d5 6. exd5 Qxd5 7. Na3 Bg4 8. Be2 cxd4 9. Nb5 0-0-0 10. Nbxd4 Nxd4 11. cxd4 e5 12. 0-0 e4 13. Bf4 Bd6 14. Qc1+ Kb8 15. Bc4 Qf5 16. Bxd6+ Rxd6 17. Qa3 Rd8 18. Ne5 Nh6 19. Rab1 Qf6 20. Nxg4 Nxg4 21. Ba6 Qd6 22. Qxd6+ Rxd6 23. Bxb7 Kc7 24. Rfc1+ Kd7 25. Bxe4 g6 26. Rb7+ Ke6 27. Bc2 Nh6 28. Bb3+ Kf6 29. d5 Nf5 30. Rcc7 Re8 31. Rxf7+ Kg5 32. g3 Re1+ 33. Kg2 h6 34. h4+ Kh5 35. Rb4 Ne7 36. Rxe7 1-0